| 000 | 00574nam a2200205Ia 4500 | ||
|---|---|---|---|
| 003 | OSt | ||
| 005 | 20250423093846.0 | ||
| 008 | 220927b |||||||| |||| 00| 0 eng d | ||
| 020 | _a9789352766796 | ||
| 040 |
_aSDCL _cSDCL _beng |
||
| 041 |
_2eng _aeng |
||
| 084 | _aNA.44'P Q8 LR | ||
| 100 |
_aBhatita, Radha _9401534 |
||
| 245 | 0 |
_aLassi of India : _bSmoothies with a twist |
|
| 260 |
_aNoida : _bOm Books International, _c2018. |
||
| 300 | _a191p. | ||
| 650 | _aReference | ||
| 942 |
_cGB _2CC _n0 |
||
| 999 |
_c717399 _d717399 |
||